LEADER 02876nam 2200517 450 001 9910453615003321 005 20200520144314.0 010 $a0-19-981359-0 035 $a(CKB)2550000001219688 035 $a(EBL)829331 035 $a(OCoLC)769344024 035 $a(MiAaPQ)EBC829331 035 $a(Au-PeEL)EBL829331 035 $a(CaPaEBR)ebr11204218 035 $a(EXLCZ)992550000001219688 100 $a20170105h20112011 uy 0 101 0 $aeng 135 $aur|n|---||||| 181 $2rdacontent 182 $2rdamedia 183 $2rdacarrier 200 00$aMENC handbook of research on music learning$hVolume 2$iApplications /$fedited by Richard Colwell, Peter R. Webster 210 1$aOxford, [England] :$cOxford University Press,$d2011. 210 4$dİ2011 215 $a1 online resource (324 p.) 300 $aDescription based upon print version of record. 311 $a0-19-975434-9 320 $aIncludes bibliographical references at the end of each chapters and index. 327 $a""Cover""; ""Contents""; ""Contributors""; ""1. Contemporary Research on Music Listening: A Holistic View""; ""2. The Acquisition of Music Reading Skills""; ""3. Music, Movement, and Learning""; ""4. Self-Regulation of Musical Learning: A Social Cognitive Perspective on Developing Performance Skills""; ""5. Research on Elementary and Secondary School Singing""; ""6. Music Learning in Special Education: Focus on Autism and Developmental Disabilities""; ""7. Music Learning in Early Childhood: A Review of Psychological, Educational, and Neuromusical Research""; ""Index""; ""A""; ""B""; ""C"" 327 $a""D""""E""; ""F""; ""G""; ""H""; ""I""; ""J""; ""K""; ""L""; ""M""; ""N""; ""O""; ""P""; ""R""; ""S""; ""T""; ""U""; ""V""; ""W""; ""X""; ""Z"" 330 $aThe MENC Handbook of Research on Music Learning, Volume 2: Applications brings together the best and most current research on best practice for music learning, focusing squarely on the profession's empirical and conceptual knowledge of how students gain competence in music at various ages and in different contexts. The collection of chapters, written by the foremost figures active in the field, addresses a range of best practices for approaching current and important areas in the field, including cognition and perception, music listening, vocal/choral learning, and the needs of special learner 606 $aMusic$xInstruction and study 606 $aMusical ability 608 $aElectronic books. 615 0$aMusic$xInstruction and study. 615 0$aMusical ability. 676 $a780.71 702 $aColwell$b Richard 702 $aWebster$b Peter 801 0$bMiAaPQ 801 1$bMiAaPQ 801 2$bMiAaPQ 906 $aBOOK 912 $a9910453615003321 996 $aMENC handbook of research on music learning$92165305 997 $aUNINA LEADER 01398nam 2200361Ia 450 001 996396021303316 005 20210104171614.0 035 $a(CKB)3810000000016273 035 $a(EEBO)2240883359 035 $a(OCoLC)ocn489260580e 035 $a(OCoLC)489260580 035 $a(EXLCZ)993810000000016273 100 $a20091216d1651 uy 0 101 0 $aeng 135 $aurbn||||a|bb| 200 10$aBy Major Generall Lambert$b[electronic resource] $eWhereas compliants are daily made of the great damage sustained by many, and hinderance of commerce and trading, by the differing values of coyn in severall parts of this nation .. 210 $aPrinted at Leith $cBy Evan Tyler$dAnno Dom. 1651 215 $a1 sheet ([1] p.) 300 $a"Given under my hand and seal at Edinburgh, the 29. of December 1651." 300 $aInitial. 300 $aReproduction of original in: Beinecke Rare Book and Manuscript Library. 330 $aeebo-0009 606 $aCoinage$zEngland$vEarly works to 1800 607 $aGreat Britain$xHistory$yCommonwealth and Protectorate, 1649-1660$vEarly works to 1800 608 $aBroadsides$zScotland$y17th century.$2rbgenr 615 0$aCoinage 700 $aLambert$b John$f1619-1683.$01005103 801 0$bUMI 801 1$bUMI 906 $aBOOK 912 $a996396021303316 996 $aBy Major Generall Lambert$92370197 997 $aUNISA LEADER 01523nam 2200325 n 450 001 996390976603316 005 20221108020315.0 035 $a(CKB)1000000000664292 035 $a(EEBO)2264190199 035 $a(UnM)99871775 035 $a(EXLCZ)991000000000664292 100 $a19851031d1646 uy | 101 0 $aeng 135 $aurbn||||a|bb| 200 12$aA just and necessary apology against an unjust invective, published by Mr Henry Burton in a late book of his, entituled, Truth still truth, though shut out of doors$b[electronic resource] /$fBy Edmund Calamy B.D. and pastour of Aldermanbury 210 $aLondon, $cPrinted for Christopher Meredith at the sign of the Crane in Pauls Church-yard$d1646 215 $a12 p 300 $aA reply to: Burton, Henry. Truth, still truth, though shut out of doores (Wing B6174). 300 $aAnnotation on Thomason copy E.319[25]: "Jan: 31th 1645"; the second 6 in imprint date crossed out. Annotation on Thomason copy E.320[9]: the second 6 in imprint date crossed out. 300 $aReproduction of the original in the British Library. 330 $aeebo-0018 700 $aCalamy$b Edmund$f1600-1666.$01002065 801 0$bCu-RivES 801 1$bCu-RivES 801 2$bCStRLIN 801 2$bWaOLN 906 $aBOOK 912 $a996390976603316 996 $aA just and necessary apology against an unjust invective published by Mr. Henry Burton in a late book of his entituled, Truth still truth, though shut out of doors$92361622 997 $aUNISA